Eliminating Human Poverty; (Record no. 6112)

MARC details
000 -LEADER
fixed length control field 00605nam a22001937a 4500
003 - CONTROL NUMBER IDENTIFIER
control field OSt
005 - DATE AND TIME OF LATEST TRANSACTION
control field 20180604181801.0
008 - FIXED-LENGTH DATA ELEMENTS--GENERAL INFORMATION
fixed length control field 180604b xxu||||| |||| 00| 0 eng d
020 ## - INTERNATIONAL STANDARD BOOK NUMBER
International Standard Book Number 9781842777732
040 ## - CATALOGING SOURCE
Transcribing agency DDC
082 ## - DEWEY DECIMAL CLASSIFICATION NUMBER
Classification number 362.5MET 2005
100 ## - MAIN ENTRY--PERSONAL NAME
Personal name Mehrotra Santosh;Delamonica Enrique;
9 (RLIN) 12652
245 ## - TITLE STATEMENT
Title Eliminating Human Poverty;
Remainder of title Macroeconomic & Social Policies for Equitable Growth.
260 ## - PUBLICATION, DISTRIBUTION, ETC. (IMPRINT)
Place of publication, distribution, etc. London;
Name of publisher, distributor, etc. Zed Books.
Date of publication, distribution, etc. 2005.
300 ## - PHYSICAL DESCRIPTION
Extent xvi,432p;
Other physical details ill;
Dimensions 23cm.
504 ## - BIBLIOGRAPHY, ETC. NOTE
Bibliography, etc It includes Notes,References and Index
650 ## - SUBJECT ADDED ENTRY--TOPICAL TERM
Topical term or geographic name as entry element Economics,social sciences.
9 (RLIN) 12653
942 ## - ADDED ENTRY ELEMENTS (KOHA)
Source of classification or shelving scheme Dewey Decimal Classification
Koha item type Open Shelf
Holdings
Withdrawn status Lost status Source of classification or shelving scheme Damaged status Not for loan Home library Current library Date acquired Source of acquisition Inventory number Total Checkouts Full call number Barcode Date last seen Price effective from Koha item type
    Dewey Decimal Classification     MUST Main Library MUST Main Library 04/06/2018   09/31774   362.5MET 2005 2018-0262 04/06/2018 04/06/2018 Open Shelf
    Dewey Decimal Classification     MUST Main Library MUST Main Library 24/07/2024 Donation 2009/31276   362.5MET 2005 2024-22152 24/07/2024 24/07/2024 Open Shelf